Persian Literature (Record no. 5225)
[ view plain ]
| 000 -LEADER | |
|---|---|
| fixed length control field | 00596nam a2200241 a 4500 |
| 020 ## - INTERNATIONAL STANDARD BOOK NUMBER | |
| ISBN | |
| 082 00 - DEWEY DECIMAL CLASSIFICATION NUMBER | |
| Classification number | 891.53 |
| Author Cutter | REE |
| 100 ## - MAIN ENTRY--AUTHOR NAME | |
| Author name | Reed, Elizabeth |
| 245 ## - TITLE STATEMENT | |
| Title | Persian Literature |
| Sub title | Ancient and Modern |
| 260 ## - PUBLICATION, DISTRIBUTION, ETC. (IMPRINT) | |
| Place of publication | Chicago |
| Name of publisher | S. C. Griggs and Company |
| Year of publication | 1893 |
| 300 ## - PHYSICAL DESCRIPTION | |
| Number of Pages | 419p |
| 500 ## - GENERAL NOTE | |
| General note | includes index and biblioraphy |
| 505 2# - FORMATTED CONTENTS NOTE | |
| Formatted contents note | Index |
| 650 ## - SUBJECT ADDED ENTRY--TOPICAL TERM | |
| Topical Term | Persian Literature |
| 942 ## - ADDED ENTRY ELEMENTS (KOHA) | |
| Koha item type | Books |
| 700 1# - | |
| -- | Reed, Elizabeth |
| Home library | Current library | Date acquired | Cost, normal purchase price | Full call number | Accession Number | Koha item type |
|---|---|---|---|---|---|---|
| Henry Martyn Institute Library | Henry Martyn Institute Library | 06/04/2007 | 100.00 | 891.53 REE | 08661 | E-Books |
